Accessing And Analyzing Data With Microsoft Excel/(With Cd-Rom)) (Record no. 157174)
[ view plain ]
| 000 -LEADER | |
|---|---|
| fixed length control field | 00700nam a22002057a 4500 |
| 005 - DATE AND TIME OF LATEST TRANSACTION | |
| control field | 20181103181326.0 |
| 010 ## - LCCN (DPL NO) | |
| LC control number | B-106151,B-106160 |
| 020 ## - INTERNATIONAL STANDARD BOOK NUMBER | |
| International Standard Book Number | 8120322797 |
| Terms of availability | 395.00 |
| 035 ## - SYSTEM CONTROL NUMBER | |
| System control number | B-106151,B-106160 |
| 037 ## - SOURCE OF ACQUISITION | |
| Source of stock number/acquisition | DPL |
| 082 ## - DEWEY DECIMAL CLASSIFICATION NUMBER | |
| Classification number | 005.43 |
| 100 ## - MAIN ENTRY--PERSONAL NAME | |
| Personal name | Cornell,Paul |
| 245 ## - TITLE STATEMENT | |
| Title | Accessing And Analyzing Data With Microsoft Excel/(With Cd-Rom)) |
| Statement of responsibility, etc | by Paul Cornell |
| 260 ## - PUBLICATION, DISTRIBUTION, ETC. (IMPRINT) | |
| Place of publication, distribution, etc | New Delhi |
| Name of publisher, distributor, etc | Ashok Ghosh, Prentice-Hall of India private Limited, |
| Date of publication, distribution, etc | 2003 |
| 270 ## - ADDRESS | |
| Address | M-97, Connaught Circus, |
| City | New Delhi |
| Postal code | 110001 |
| 300 ## - PHYSICAL DESCRIPTION | |
| Extent | xxi,378p. |
| Other physical details | ill. |
| Dimensions | 24cm (Hb) |
| 500 ## - GENERAL NOTE | |
| General note | Index, and About the Author |
| 942 ## - ADDED ENTRY ELEMENTS (KOHA) | |
| Source of classification or shelving scheme | Dewey Decimal Classification |
| Item type | English Books |
| Edition | 2003 |
| Classification part | 005.43 |
| Call number suffix | COR |
| Withdrawn status | Lost status | Not for loan | Collection code | Home library | Current library | Date acquired | Cost, normal purchase price | Full call number | Barcode | Cost, replacement price | Koha item type | Source of acquisition |
|---|---|---|---|---|---|---|---|---|---|---|---|---|
| Non-fiction | Central Library | Central Library | 08/09/2018 | 395.00 | 005.43 COR | B-106151 | 395.00 | English Books | ||||
| Non-fiction | Yojana Vihar | Yojana Vihar | 26/10/2018 | 395.00 | 005.43 COR | B-106160 | 395.00 | English Books | BPPD/PUB |
